000 00566nam a2200205Ia 4500
001 22499
003 GE_BSU
008 181216s||||||||xx |||||||||||||| ||und||
040 _cGE_BSU
245 _aГенетика. Том 54, №2. Январь 2018
245 _cГл. ред. Янковский
260 _aМосква
260 _bНаука
260 _c2015
300 _a270 стр. 30см.
653 _aГенетика. Том 54, №2. Январь 2018
653 _aПериодика
653 _aპერიოდიკა
942 _cCR
999 _c55417
_d55417